Coordination in rural electrification programme (Record no. 499489)

000 -LEADER
fixed length control field 00481cam a22001337a 4500
008 - FIXED-LENGTH DATA ELEMENTS--GENERAL INFORMATION
fixed length control field 180718b1979 xxu||||| |||| 00| 0 eng d
082 ## - DEWEY DECIMAL CLASSIFICATION NUMBER
Classification number Z75x5434 In
100 ## - MAIN ENTRY--PERSONAL NAME
Personal name Bhattacharya, Mohit
245 ## - TITLE STATEMENT
Title Coordination in rural electrification programme
Statement of responsibility, etc. by Mohit Bhattacharya
260 ## - PUBLICATION, DISTRIBUTION, ETC.
Place of publication, distribution, etc. New Delhi
Name of publisher, distributor, etc. Indian Institute of Public Administration
Date of publication, distribution, etc. 1979
300 ## - PHYSICAL DESCRIPTION
Extent 146p
650 ## - SUBJECT ADDED ENTRY--TOPICAL TERM
Topical term or geographic name entry element Electric service, Rural - India - Rajasthan
700 ## - ADDED ENTRY--PERSONAL NAME
Personal name India. Indian Institute of Public Administration
Holdings
Withdrawn status Lost status Damaged status Not for loan Permanent Location Current Location Date acquired Full call number Barcode Date last seen Price effective from Koha item type
        Indian Institute of Public Administration Indian Institute of Public Administration 2018-08-04 Z75x5434 In GR10621 2018-08-04 2018-08-04 GR
        Indian Institute of Public Administration Indian Institute of Public Administration 2018-08-04 Z75x5434 In GR10620 2018-08-04 2018-08-04 GR

Powered by Koha